Detalles MARC
| 000 -LÍDER |
| Campo fijo de descripción fija |
02807nam a2200397 i 4500 |
| 001 - NÚMERO DE CONTROL |
| Campo de control |
768714001 |
| 003 - IDENTIFICADOR DEL NÚMERO DE CONTROL |
| Campo de control |
CO-MdFUSB |
| 005 - FECHA Y HORA DE LA ULTIMA TRANSACCIÓN |
| control field |
20240531062753.0 |
| 007 - CAMPO FIJO DE DESCRIPCIÓN FIJA--INFORMACIÓN GENERAL |
| Campo fijo de descripción fija |
cr ua aaaaa |
| 008 - ELEMENTOS DE LONGITUD FIJA -- INFORMACIÓN GENERAL |
| Campo fijo de descripción fija -- Información general |
230203t2002 nyu |||| |||| 00| 0 eng d |
| 020 ## - NÚMERO INTERNACIONAL NORMALIZADO PARA LIBROS |
| Número Internacional Normalizado del libro |
9781570754388 |
| Información adicional |
electrónico |
| 040 ## - FUENTE DE CATALOGACIÓN |
| Agencia de catalogación original |
CO-MdFUSB |
| Idioma de catalogación |
spa |
| Agencia que realiza la transcripción |
CO-MdFUSB |
| Agencia que realiza la modificación |
CO-MdFUSBC |
| Convenciones de la descripción |
rda |
| 041 ## - CÓDIGO DE IDIOMA |
| Código de idioma para texto/pista de sonido o título separado |
eng |
| 082 ## - NÚMERO DE CLASIFICACIÓN DECIMAL DEWEY |
| Número de la edición del Dewey |
23 |
| Número de clasificación |
230.01 |
| 100 ## - ASIENTO PRINCIPAL--NOMBRE PERSONAL |
| Nombre personal |
Bevans, Stephen B., |
| Término relacionador |
autor |
| 245 ## - TÍTULO |
| Título del Material |
Models of contextual theology |
| Mención de responsabilidad, etc. |
/ Stephen B. Bevans |
| Medio físico |
[electrónico] |
| 250 ## - MENCIÓN DE EDICIÓN |
| Mención de edición |
Edición revisada y ampliada |
| 264 ## - PRODUCCIÓN, PUBLICACIÓN, DISTRIBUCIÓN, MANUFACTURA, Y COPYRIGHT |
| Lugar de producción, publicación, distribución, manufactura |
Maryknoll, Nueva York : |
| Nombre del productor, publicador, distribuidor |
Orbis Books, |
| Fecha de producción, publicación, distribución, manufactura, o copyright |
[1992] |
| 264 #4 - PRODUCCIÓN, PUBLICACIÓN, DISTRIBUCIÓN, MANUFACTURA, Y COPYRIGHT |
| Fecha de producción, publicación, distribución, manufactura, o copyright |
© 1992 |
| 300 ## - DESCRIPCIÓN FÍSICA |
| Extensión |
186 páginas |
| Dimensiones |
; 24 cm |
| 336 ## - TIPO DE CONTENIDO |
| Fuente |
rdacontent |
| Término de tipo de contenido |
texto |
| Código de tipo de contenido |
txt |
| 337 ## - TIPO DE MEDIO |
| Fuente |
rdamedia |
| Nombre del tipo de medio |
informático |
| Código del tipo de medio |
c |
| 338 ## - TIPO DE SOPORTE |
| Fuente |
rdacarrier |
| Nombre del tipo de soporte |
remoto |
| Código Tipo de soporte |
cr |
| 490 ## - MENCIÓN DE SERIE |
| Mención de serie |
Faith and cultures series |
| 505 ## - NOTA DE CONTENIDO |
| Nota de contenido con formato preestablecido |
La teología contextual como imperativo teológico. -- Problemas en la teología contextual. -- La noción y el uso de modelos. -- El modelo de traducción. -- El modelo antropológico. -- El modelo de la praxis. -- El modelo sintético. -- El modelo trascendental. |
| 506 ## - NOTA DE RESTRICCIONES DE ACCESO |
| Condiciones de acceso |
Solicitar clave y usuario para acceder al libro electrónico. |
| 506 ## - NOTA DE RESTRICCIONES DE ACCESO |
| Condiciones de acceso |
Libro multiusuario. |
| 520 ## - NOTA DE RESUMEN, ETC. |
| Nota de sumario, etc. |
Models of Contextual Theology de Stephen B Bevans se ha convertido en un elemento básico en los cursos sobre método teológico y como un manual utilizado por misioneros y otros cristianos preocupados por la comprensión que la tradición cristiana tiene de sí misma en relación con la cultura. Publicado por primera vez en 1992 y ahora en su séptima edición en inglés, con traducciones en curso al español, coreano e indonesio, el libro de Bevans es un examen juicioso de lo que significan los términos 'teología contextual' y 'contextualizar'. En la edición revisada y ampliada, Bevans añade un modelo 'contracultural' a los cinco presentados en la primera edición: el modelo de traducción, el antropológico, el de praxis, el sintético y el trascendental. Esto significa que los lectores conocerán la forma en que figuras como Stanley Hauerwas, John Milbank, Lesslie Newbigin,'y (ocasionalmente) el Papa Juan Pablo II'deben ser tomados en cuenta. Las revisiones del autor también incorporan sugerencias hechas por revisores para mejorar la claridad de los tres capítulos originales sobre la naturaleza de la teología contextual y los cinco modelos. |
| 650 #7 - ASIENTO SECUNDARIO DE MATERIA - TERMINO TEMÁTICO |
| Término temático o nombre geográfico como elemento de entrada |
Cristianismo |
| Fuente del encabezamiento o término |
|
| 9 (RLIN) |
22 |
| 650 #7 - ASIENTO SECUNDARIO DE MATERIA - TERMINO TEMÁTICO |
| Fuente del encabezamiento o término |
embne |
| 9 (RLIN) |
6714 |
| Término temático o nombre geográfico como elemento de entrada |
Antropología cultural y social |
| 856 ## - LOCALIZACIÓN Y ACCESO ELECTRÓNICOS |
| Numero de Acceso |
1761107 |
| Identificador Uniforme del Recurso |
<a href="https://search.ebscohost.com/login.aspx?direct=true&db=nlebk&AN=1761107&lang=es&site=ehost-live">https://search.ebscohost.com/login.aspx?direct=true&db=nlebk&AN=1761107&lang=es&site=ehost-live</a> |
| Nota dirigida al público |
<a href="Abrir Versión electrónica del libro Models of contextual theology">Abrir Versión electrónica del libro Models of contextual theology</a> |
| 942 ## - TIPO DE MATERIAL (KOHA) |
| Tipo de Item KOHA |
Libros General |
| 945 ## - INFORMACIÓN LOCAL DEL REGISTRO |
| Catalogador |
JTF-925 |